Anime main characters #1 - Statistics

General Stats
  • This quiz has been taken 159 times
    157 since last reset
  • The average score is 11 of 15
Answer Stats
Anime Main Characters Name % Correct
Attack on titan Eren Yeager
96%
One piece Monkey D. Luffy
96%
Dragonball Son Goku
95%
Naruto Naruto Uzumaki
94%
Death note Light Yagami
90%
bleach Ichigo Kurosaki
87%
My hero acadamia Izuku Midoria
84%
Baki Baki Hanma
81%
Tokyo Ghoul Ken Kaneki
79%
Sword art online Kirito/Kirigaya Kazuto
67%
Fairy tale Natsu Dragneel
65%
Jojo's bizarre adventure Jotaro Kujo
58%
Fire force Shinra kusakabe
45%
That time I got reincarnated as a slime Rimuru Tempest/Satoru Mikami
44%
So I'm a spider so what Kumoko/ Wakaba Hiiro
10%
No matching quizzes found
Score Distribution
Percent of People with Each Score
Percentile by Number Answered
Your Score History
You have not taken this quiz since the last reset